Statistics for Countries that Start with N

Click here to take the quiz!

General Stats

  • This quiz has been taken 841,722 times
    (596,305 since last reset)
  • The average score is 8 of 11

Answer Stats

Country% Correct
Niger
89%
Nigeria
87%
Namibia
78%
Norway
78%
Nicaragua
76%
Netherlands
75%
North Korea
71%
Nepal
70%
New Zealand
66%
Nauru
58%
North Macedonia
54%

Score Distribution

Percentile by Number Answered

Percent of People with Each Score

Your Score History

You have not taken this quiz since the last reset